00478 a2200145 4500010001400000020002300014035001300037037001500050082000800065245010000073260004800173270006300221300002400284500002400308 aENG-90158 c500.00a8173715858 aEN-73691 bDBAD / PUB14a0031 aAdvances in computational optimization and its applications/cedited by Kalyanmoy Deb...[et al] aHyderabadbUniversities Press (India)c2007 bHyderabade500 029a3-6-747/1/A & 3-6-754/1, Himayatnagar, a212p.c24cm (pbk ) aIncludes references